| 000 | 00941nam a2200241Ia 4500 | ||
|---|---|---|---|
| 003 | OSt | ||
| 005 | 20250710115003.0 | ||
| 008 | 191128s2001 sp a br 000 j spa d | ||
| 020 | _a8434865564 | ||
| 040 |
_aCO-JMCR _cCO-JMCR |
||
| 041 | 0 | _aspa | |
| 082 | 0 | 4 |
_aN _bGARl |
| 100 | 1 |
_aGarcía-Clairac, Santiago, _eautor _93171 |
|
| 245 | 1 | 3 |
_aEl libro invisible / _cautor |
| 250 | _aSeptima edición | ||
| 260 |
_aEspaña : _bSM, _c2001 |
||
| 300 |
_a139 páginas : _bilustraciones en blanco y negro ; _c19 cm. |
||
| 490 | 0 | _aEl barco de vapor ; serie naranja ; 119 | |
| 520 | _aMe llamo César y todos los años tengo que cambiar de colegio, de compañeros, de profesores, de barrio, y , lo que es más grave, de casa. Eso ocurre por culpa de mi padre. No es que mi padre sea un bandido perseguido por la policía. | ||
| 521 | _aRecomendado a partir de los 9 años. | ||
| 650 | 1 | 4 |
_aNovela infantil española _93172 |
| 942 |
_2ddc _cBK |
||
| 999 |
_c4393 _d4393 |
||